| 000 | 00865nam a22002417a 4500 | ||
|---|---|---|---|
| 003 | 0 | ||
| 005 | 20250827113957.0 | ||
| 008 | 250827b xxu||||| |||| 00| 0 eng d | ||
| 020 | _a978-0-443-14036-5 | ||
| 050 |
_aQA 76.76.C672 _b.R43 2025 |
||
| 100 |
_aRebenitsch, Lori, _eauthor. |
||
| 245 |
_aA Practical introduction to virtual reality : _bfrom concepts to executables / _cLori Rebenitsch, Lisa Rebenitsch, and Rohan Loveland. |
||
| 260 |
_aCambridge, MA : _bMorgan Kaufmann, an imprint of Elsevier, _c2025. |
||
| 300 |
_axi, 403 pages : _bcolored illustrations ; _c24 cm. |
||
| 504 | _aIncludes index. | ||
| 650 | _aVirtual reality. | ||
| 650 |
_aVirtual reality _xProgramming. |
||
| 650 | _aComputer graphics. | ||
| 650 | _aHuman-computer interaction. | ||
| 700 |
_aRebenitsch, Lisa, _eauthor. |
||
| 700 |
_aLoveland, Rohan, _eauthor. |
||
| 942 |
_2lcc _cBK |
||
| 999 |
_c367637 _d367637 |
||